000
00321nam a2200145Ia 4500
100
_a
Graham/Frank D
942
_c
BK
654
_a
electronics
245
_a
Audels Power Plant Engineers Guide
260
_b
Taraporevala Sons
_c
1963
082
_a
621.3121
_b
GRA
300
_a
964
546
_a
ENGLISH
999
_c
27999
_d
27999